[Event "American Continental 15th"]
[Site "Sao Paulo"]
[Date "2019.07.10"]
[Round "8"]
[White "Jenidarchiche, Douglas Rodrigo"]
[Black "Manzi, Luiz Antonio Bardao"]
[Result "0-1"]
[WhiteElo "1754"]
[BlackElo "2092"]
[PlyCount "92"]
[EventDate "2019.07.05"]
[EventType "swiss"]
[EventRounds "11"]
[EventCountry "BRA"]
[SourceTitle "CBM 191 Extra"]
[Source "ChessBase"]
[SourceDate "2019.09.30"]
[SourceVersion "1"]
[SourceVersionDate "2019.09.30"]
[SourceQuality "1"]

1. d4 Nf6 2. c4 e6 3. Nf3 d5 4. Nc3 c6 5. e3 Be7 6. Qc2 Nbd7 7. Bd3 0-0 8. 0-0 a6 9. Rd1 b5 10. b3 Bb7 11. e4 b4 12. e5 bxc3 13. exf6 Nxf6 14. c5 Ne4 15. Bxe4 dxe4 16. Qxe4 Qd5 17. Qf4 Bxc5 18. Qc7 Bd6 19. Qb6 Qb5 20. Qxb5 cxb5 21. a3 Bxf3 22. gxf3 a5 23. Rd3 b4 24. Ra2 Rfc8 25. f4 g6 26. a4 Rd8 27. Be3 Be7 28. Kf1 Rd5 29. Ke1 Rad8 30. Kd1 Bf6 31. Re2 Bxd4 32. Kc2 Bxe3 33. Rxd5 Rxd5 34. fxe3 f5 35. h4 Kf7 36. h5 gxh5 37. Re1 Rd2+ 38. Kc1 Ra2 39. Kb1 Rb2+ 40. Kc1 Rxb3 41. e4 Ra3 42. Kc2 fxe4 43. Rxe4 Rxa4 44. Re5 Ra2+ 45. Kb1 Rf2 46. Rxh5 b3 0-1

[Event "Rio de Janeiro Fexerj op"]
[Site "Rio de Janeiro"]
[Date "2019.06.08"]
[Round "6"]
[White "Manzi, Luiz Antonio Bardao"]
[Black "Da Matta, Eduardo Cesar"]
[Result "1/2-1/2"]
[WhiteElo "2082"]
[BlackElo "1978"]
[PlyCount "114"]
[EventDate "2019.06.01"]
[EventType "swiss"]
[EventRounds "6"]
[EventCountry "BRA"]
[SourceTitle "CBM 190 Extra"]
[Source "ChessBase"]
[SourceDate "2019.07.15"]
[SourceVersion "1"]
[SourceVersionDate "2019.07.15"]
[SourceQuality "1"]

1. e4 c5 2. Nf3 e6 3. d4 cxd4 4. Nxd4 Nc6 5. Be3 a6 6. Be2 Qc7 7. 0-0 Nf6 8. Nc3 Bb4 9. f3 0-0 10. Qd3 Ne5 11. Qd2 d5 12. Bd3 Nxd3 13. cxd3 e5 14. Nc2 Ba5 15. exd5 Bxc3 16. bxc3 Nxd5 17. c4 Nxe3 18. Nxe3 Be6 19. Rab1 Rfd8 20. Rfd1 Rd7 21. Qb4 Rad8 22. Kf2 h6 23. Ke2 e4 24. dxe4 Qxh2 25. Rxd7 Rxd7 26. Rd1 Rxd1 27. Kxd1 Qe5 28. Ke2 b5 29. cxb5 Qxb5+ 30. Qxb5 axb5 31. a3 Kf8 32. Kd3 Ke7 33. e5 Kd7 34. Kd4 Kc6 35. f4 f5 36. exf6 gxf6 37. f5 Bd7 38. Nd5 Kd6 39. g4 h5 40. gxh5 Bxf5 41. Nxf6 Ke6 42. Ne4 Bg4 43. h6 Kf7 44. Ke5 Be2 45. h7 Kg7 46. Nf6 Bf1 47. Kd4 Be2 48. Kc5 Bf1 49. Ne4 Kxh7 50. Nd6 Kg7 51. Nxb5 Kf7 52. a4 Ke7 53. Kc6 Kd8 54. Kb7 Bg2+ 55. Kb8 Kd7 56. Nd4 Kd6 57. a5 Kc5 1/2-1/2